Ireland Grand Slam Winning XV - Statistics

General Stats
  • This quiz has been taken 33 times
    18 since last reset
  • The average score is 34 of 45
Answer Stats
Position 2018 % Correct
13 Brian O'Driscoll
100%
12 Bundee Aki
100%
12 Bundee Aki
100%
10 Jonathan Sexton
100%
10 Jonathon Sexton
100%
10 Ronan O'Gara
100%
3 Tadhg Furlong
100%
3 Tadhg Furlong
100%
1 Andrew Porter
93%
8 Caelan Doris
93%
9 Conor Murray
93%
2 Dan Sheehan
93%
13 Garry Ringrose
93%
15 Hugo Keenan
93%
11 James Lowe
93%
9 Jamison Gibson-Park
93%
7 Josh van der FLier
93%
7 Josh van der Flier
93%
14 Mack Hansen
93%
13 Robbie Henshaw
93%
4 Tadhg Beirne
93%
1 Cian Healy
87%
5 Paul O'Connell
87%
5 James Ryan
80%
4 James Ryan
80%
9 Peter Stringer
80%
14 Keith Earls
73%
15 Rob Kearney
73%
2 Rory Best
73%
2 Rory Best
73%
8 C.J Stander
67%
4 Donncha O'Callaghan
67%
5 Iain Henderson
67%
12 Gordon D'Arcy
60%
11 Jacob Stockdale
60%
8 Jamie Heaslip
60%
6 Peter O'Mahoney
60%
6 Peter O'Mahoney
60%
14 Shane Horgan
53%
11 Tommy Bowe
53%
7 David Wallace
33%
6 Alan Quinlan
20%
3 John Hayes
20%
15 Girvan Dempsey
7%
1 Marcus Horan
7%
No matching quizzes found
Score Distribution
Percent of People with Each Score
Percentile by Number Answered
Your Score History
You have not taken this quiz since the last reset